| 000 | 01303nam a22003857a 4500 | ||
|---|---|---|---|
| 003 | CHAP | ||
| 005 | 20220817044111.0 | ||
| 008 | 060511d2004 mx r 00110 spa d | ||
| 010 | _a92151 | ||
| 011 | _a93123 | ||
| 020 | _a970 32 2022 | ||
| 035 | _a103694 | ||
| 040 | _cCHAP | ||
| 082 | 0 | 4 |
_a155.2 _bV3 |
| 100 | 1 |
_aVal, José del. _9117221 |
|
| 245 | 1 | 0 |
_aMéxico : _bidentidad y nación _c/por José del Val |
| 260 |
_aMéxico, D.F. : _bUniversidad Nacional Autónoma de México, _c2004. |
||
| 300 | _a310 p. | ||
| 410 | 0 | 0 | _aUniversidad Nacional Autónoma de México |
| 490 | 0 |
_aColección : la pluralidad cultural en México _v; 6 |
|
| 590 |
_aBATCH-UPD _b10 _c20130110 _lUCH01 _h0459 |
||
| 590 |
_aBATCH-UPD _b10 _c20130410 _lUCH01 _h0137 |
||
| 590 |
_aBATCH-UPD _b10 _c20130914 _lUCH01 _h1002 |
||
| 590 |
_aCONVERSION _b10 _c20130109 _lUCH01 _h1351 |
||
| 650 | 1 | 4 |
_aIdentidad. _957290 |
| 650 | 1 | 4 | _aIndios de México. |
| 650 | 1 | 4 |
_aIndios de México _xPolítica y gobierno. |
| 650 | 1 | 4 |
_aNacionalismo. _980006 |
| 810 | 0 | 0 | _aUniversidad Nacional Autónoma de México |
| 830 | 0 |
_aColección : la pluralidad cultural en México _v; 6 _924671 |
|
| 901 | _aBK | ||
| 905 | _aAlejandra Carrasco M. | ||
| 942 | _cLIBRO | ||
| 949 |
_a155.2 V3 _bBC _cLIBRO _d33724000986337 _eLIBRO _h107724 _i103694 _si |
||
| 999 |
_c92151 _d92151 |
||